The Ultimate Lil Uzi Vert Quiz - Statistics

General Stats
  • This quiz has been taken 212 times
    188 since last reset
  • The average score is 18 of 30
Answer Stats
Answer % Correct
25 years
96%
5 feet, 4 inches
96%
Symere Woods
92%
XO Tour Llif3
92%
Philadelphia
90%
Eternal Atake
85%
Luv is Rage
85%
Luv Is Rage 2
83%
2016
82%
Lil Uzi Vert vs. the World
77%
Playboi Carti
76%
The Perfect LUV Tape
68%
Money Longer
67%
The Way Life Goes
65%
7AM
55%
Brittany Byrd
55%
Futsal Shuffle 2020
55%
Bad and Boujee
54%
1017 vs. the World
50%
16*29
50%
Erase Your Social
48%
Marilyn Manson
47%
P2
40%
ROC Nation
38%
Generation Now
37%
The Real Uzi
37%
Luv Is Rage 1.5
35%
Purple Thoughtz Vol. 1
35%
Sanguine Paradise
27%
New Patek
20%
No matching quizzes found
Score Distribution
Percent of People with Each Score
Percentile by Number Answered
Your Score History
You have not taken this quiz since the last reset